000 00449nam a2200205Ia 4500
001 13401
003 GE_BSU
008 181216s||||||||xx |||||||||||||| ||und||
020 _a0140114319
040 _cGE_BSU
080 _a821.111-3
100 _aThomas,Rosie.
245 2 _aA woman of our times.
260 _aLondon.
260 _bPenguin books.
260 _c1990
300 _a547p;18cm.
653 _aA woman of our times.
942 _cBK
999 _c46562
_d46562